[Event "Mediterranean-ch 7th"]
[Site "Rijeka"]
[Date "2009.09.13"]
[Round "4"]
[White "Zrilic, Bozo"]
[Black "Mravic, Filip"]
[Result "1/2-1/2"]
[WhiteElo "2046"]
[BlackElo "1813"]
[PlyCount "111"]
[EventDate "2009.09.11"]
[EventType "swiss"]
[EventRounds "9"]
[EventCountry "CRO"]
[SourceTitle "CBM 132 Extra"]
[Source "ChessBase"]
[SourceDate "2009.11.03"]
[SourceVersion "1"]
[SourceVersionDate "2009.11.03"]
[SourceQuality "1"]

1. d4 d5 2. c4 c6 3. Nc3 Nf6 4. Nf3 dxc4 5. a4 Bf5 6. Ne5 Nbd7 7. Nxc4 Qc7 8. g3 e5 9. dxe5 Nxe5 10. Bf4 Nfd7 11. e4 Be6 12. Nxe5 Nxe5 13. Qh5 g5 14. Bxe5 Qxe5 15. f4 Qc5 16. 0-0-0 gxf4 17. e5 fxg3 18. Bh3 Qe3+ 19. Kb1 Qh6 20. Qxh6 Bxh6 21. Bxe6 fxe6 22. hxg3 Bg7 23. Rh5 Rd8 24. Rdh1 Rd3 25. Rg5 Bf8 26. Ne4 Rd4 27. Nf6+ Kd8 28. Nxh7 Rxa4 29. Rd1+ Kc8 30. Rh1 Kc7 31. Rg6 Kb6 32. Rxe6 Rg4 33. Rf1 Rxh7 34. Rxf8 Rxg3 35. Rf4 Kc5 36. Rd6 Re3 37. b4+ Kb5 38. e6 Re7 39. Rf6 Kxb4 40. Kc2 Kc5 41. Rd7 R3xe6 42. Rxb7 Re2+ 43. Kd1 Rxb7 44. Kxe2 Rd7 45. Rf3 a5 46. Rc3+ Kb5 47. Rb3+ Kc4 48. Rb1 a4 49. Rc1+ Kb3 50. Rxc6 Rb7 51. Kd2 a3 52. Rc3+ Kb4 53. Kc2 Rh7 54. Rb3+ Ka4 55. Rg3 Rh2+ 56. Kb1 1/2-1/2